| 000 | 00609nam a2200181 i 4500 | ||
|---|---|---|---|
| 001 | 2-00335540 | ||
| 003 | PPAK | ||
| 005 | 20180728113358.0 | ||
| 008 | 160127s my a|||| ||||| | may d | ||
| 040 |
_aPPAK _beng _cPPAK _erda |
||
| 245 | 0 | 0 |
_aMensyuarat agung ke 61 : _bKoperasi Pegawai-Pegawai Kerajaan Negeri Kedah Darul Aman |
| 264 | 1 |
_aAlor Setar: _bKoperasi Pegawai-Pegawai Kerajaan Negeri Kedah Darul Aman, |
|
| 336 |
_2rdacontent _atext |
||
| 337 |
_2rdamedia _aunmediated |
||
| 338 |
_2rdacarrier _avolume |
||
| 650 | 1 | 0 | _aCooperative societies - Malaysia. ; Cooperation - Malaysia. |
| 942 |
_ddc _cSR |
||
| 999 |
_c168763 _d168763 |
||